[Event "Mortara op 1st"]
[Site "Mortara"]
[Date "2011.09.??"]
[Round "2"]
[White "Giretti Kanev, Jasen"]
[Black "Di Paolo, Raffaele"]
[Result "1/2-1/2"]
[WhiteElo "2205"]
[BlackElo "2281"]
[PlyCount "121"]
[EventDate "2011.09.16"]
[EventType "swiss"]
[EventRounds "5"]
[EventCountry "ITA"]
[SourceTitle "EXT 2023"]
[Source "ChessBase"]
[SourceDate "2022.10.05"]
[SourceVersion "1"]
[SourceVersionDate "2022.10.05"]
[SourceQuality "1"]

1. c4 e6 2. Nf3 d5 3. g3 Nf6 4. Bg2 Be7 5. 0-0 0-0 6. d3 c5 7. Bf4 Nc6 8. Ne5 Nxe5 9. Bxe5 Bd6 10. Bxd6 Qxd6 11. Nc3 d4 12. Nb5 Qe7 13. Qd2 e5 14. Rab1 a6 15. Na3 a5 16. Nb5 Bg4 17. a3 Ra6 18. Rfe1 Rfa8 19. e3 dxe3 20. Qxe3 Re8 21. b4 axb4 22. axb4 b6 23. bxc5 bxc5 24. Ra1 Rxa1 25. Rxa1 h6 26. Ra7 Bd7 27. Rc7 Rc8 28. Rxc8+ Bxc8 29. h3 g5 30. f4 Nd7 31. Nc7 gxf4 32. gxf4 Qd6 33. Nd5 Bb7 34. Ne7+ Qxe7 35. Bxb7 Qd6 36. Qg3+ Kf8 37. fxe5 Nxe5 38. Bd5 Qg6 39. Qxg6 fxg6 40. Be4 g5 41. Kf2 Ke7 42. Ke3 Kd6 43. Bd5 Ng6 44. Be4 Nf4 45. h4 Ke5 46. hxg5 hxg5 47. Bf3 Ne6 48. Bg4 Nd4 49. Bh3 Nc6 50. Bd7 Ne7 51. Bh3 Ng8 52. Bc8 Nh6 53. d4+ cxd4+ 54. Kd3 g4 55. c5 g3 56. Bb7 Ng4 57. Ke2 Kf4 58. Bg2 Nf6 59. c6 Ne8 60. Kd3 Ke5 61. Ke2 1/2-1/2

[Event "ITA-ch sf 71st"]
[Site "Acqui Terme"]
[Date "2011.07.24"]
[Round "9"]
[White "Di Paolo, Raffaele"]
[Black "Bianco, Valerio"]
[Result "1-0"]
[WhiteElo "2341"]
[BlackElo "2202"]
[PlyCount "109"]
[EventDate "2011.07.17"]
[EventType "swiss"]
[EventRounds "9"]
[EventCountry "ITA"]
[SourceTitle "EXT 2013"]
[Source "ChessBase"]
[SourceDate "2012.11.22"]
[SourceVersion "1"]
[SourceVersionDate "2012.11.22"]
[SourceQuality "1"]

1. e4 c5 2. Nf3 e6 3. Qe2 Nc6 4. g3 Nge7 5. Bg2 d5 6. d3 Nd4 7. Nxd4 cxd4 8. 0-0 g6 9. exd5 Nxd5 10. Qe5 Qf6 11. Qxf6 Nxf6 12. Bf4 Nd7 13. Re1 Be7 14. a4 g5 15. Bc7 Bd8 16. Bd6 Be7 17. Bxe7 Kxe7 18. a5 Rb8 19. Ra4 b6 20. axb6 Rxb6 21. b3 Ra6 22. Rxd4 Ra2 23. Rc4 Kd8 24. Rc1 Nb6 25. Rc5 h6 26. Nc3 Rb2 27. Nb5 Ra2 28. d4 Bd7 29. Nc3 Ra3 30. d5 exd5 31. Nxd5 Nxd5 32. Bxd5 Ke7 33. Rd1 Rc8 34. Re1+ Kf6 35. Rxc8 Bxc8 36. f3 Ra2 37. Be4 a5 38. Kf2 Bf5 39. Bxf5 Kxf5 40. Re2 Ra1 41. Ke3 a4 42. bxa4 Rxa4 43. Kd3 h5 44. Re4 Ra1 45. f4 Kf6 46. fxg5+ Kxg5 47. Re2 Rh1 48. c4 Kf5 49. Kd4 Rc1 50. Kd5 f6 51. Re4 Kg5 52. c5 f5 53. Rc4 Rd1+ 54. Rd4 Ra1 55. c6 1-0

[Event "ITA-ch sf 71st"]
[Site "Acqui Terme"]
[Date "2011.07.23"]
[Round "8"]
[White "Gioseffi, Massimiliano"]
[Black "Di Paolo, Raffaele"]
[Result "1/2-1/2"]
[WhiteElo "2105"]
[BlackElo "2341"]
[PlyCount "73"]
[EventDate "2011.07.17"]
[EventType "swiss"]
[EventRounds "9"]
[EventCountry "ITA"]
[SourceTitle "EXT 2013"]
[Source "ChessBase"]
[SourceDate "2012.11.22"]
[SourceVersion "1"]
[SourceVersionDate "2012.11.22"]
[SourceQuality "1"]

1. d4 Nf6 2. c4 g6 3. Nc3 Bg7 4. e4 d6 5. Nf3 0-0 6. Be2 e5 7. 0-0 Nc6 8. d5 Ne7 9. Ne1 Nd7 10. Be3 f5 11. f3 f4 12. Bf2 g5 13. a4 a5 14. Nd3 b6 15. Be1 Ng6 16. Nb5 Nf6 17. Nf2 h5 18. h3 Rf7 19. b4 axb4 20. Bxb4 Bf8 21. a5 bxa5 22. Rxa5 Rxa5 23. Bxa5 Rg7 24. Na7 Bd7 25. Nb5 Bc8 26. c5 g4 27. hxg4 hxg4 28. fxg4 Nh4 29. c6 Nh5 30. Nh1 Nxg2 31. Kxg2 Qh4 32. Be1 f3+ 33. Bxf3 Nf4+ 34. Kg1 Nh3+ 35. Kg2 Nf4+ 36. Kg1 Nh3+ 37. Kg2 1/2-1/2

[Event "ITA-ch sf 71st"]
[Site "Acqui Terme"]
[Date "2011.07.18"]
[Round "2"]
[White "Rombaldoni, Denis"]
[Black "Di Paolo, Raffaele"]
[Result "1-0"]
[WhiteElo "2498"]
[BlackElo "2341"]
[PlyCount "73"]
[EventDate "2011.07.17"]
[EventType "swiss"]
[EventRounds "9"]
[EventCountry "ITA"]
[SourceTitle "EXT 2013"]
[Source "ChessBase"]
[SourceDate "2012.11.22"]
[SourceVersion "1"]
[SourceVersionDate "2012.11.22"]
[SourceQuality "1"]

1. d4 Nf6 2. c4 g6 3. g3 Bg7 4. Bg2 0-0 5. Nc3 d6 6. Nf3 Nc6 7. 0-0 Bg4 8. d5 Na5 9. Nd2 c5 10. h3 Bd7 11. e4 a6 12. Qe2 Rb8 13. a4 e5 14. Rb1 b6 15. b4 cxb4 16. Rxb4 Nb7 17. Ba3 Nc5 18. Rfb1 a5 19. R4b2 Nxa4 20. Nxa4 Bxa4 21. Qe3 Qc7 22. Rxb6 Bh6 23. f4 exf4 24. gxf4 Rxb6 25. Rxb6 Bxf4 26. Qxf4 Qxb6+ 27. Kh2 Nd7 28. Bxd6 Re8 29. e5 Bc2 30. e6 fxe6 31. dxe6 Rxe6 32. Bd5 Bf5 33. c5 Qb5 34. Bc4 Qb7 35. Qh4 Qc8 36. Qe7 Nf8 37. c6 1-0

[Event "Forni di Sopra op 1st"]
[Site "Forni di Sopra"]
[Date "2011.06.16"]
[Round "7"]
[White "Di Paolo, Raffaele"]
[Black "Urosevic, Goran"]
[Result "1/2-1/2"]
[WhiteElo "2312"]
[BlackElo "2226"]
[PlyCount "42"]
[EventDate "2011.06.12"]
[EventType "swiss"]
[EventRounds "9"]
[EventCountry "ITA"]
[SourceTitle "CBM 142 Extra"]
[Source "ChessBase"]
[SourceDate "2011.06.27"]
[SourceVersion "1"]
[SourceVersionDate "2011.06.27"]
[SourceQuality "1"]

1. e4 c5 2. Nf3 Nc6 3. Nc3 d6 4. d4 cxd4 5. Nxd4 Nf6 6. Bc4 Qb6 7. Nb3 e6 8. 0-0 Bd7 9. a4 Be7 10. a5 Qc7 11. a6 bxa6 12. Bxa6 0-0 13. Be3 Nb4 14. f4 d5 15. e5 Ne4 16. Nxe4 dxe4 17. Rf2 Rfd8 18. Qe1 Bc6 19. Nd4 Bd5 20. Rd2 Bc5 21. c3 Nxa6 1/2-1/2

[Event "Forni di Sopra op 1st"]
[Site "Forni di Sopra"]
[Date "2011.06.14"]
[Round "3"]
[White "Di Paolo, Raffaele"]
[Black "Vykydal, Frantisek"]
[Result "1-0"]
[WhiteElo "2312"]
[BlackElo "2166"]
[PlyCount "111"]
[EventDate "2011.06.12"]
[EventType "swiss"]
[EventRounds "9"]
[EventCountry "ITA"]
[SourceTitle "CBM 142 Extra"]
[Source "ChessBase"]
[SourceDate "2011.06.27"]
[SourceVersion "1"]
[SourceVersionDate "2011.06.27"]
[SourceQuality "1"]

1. e4 Nf6 2. e5 Nd5 3. d4 d6 4. Nf3 Bg4 5. Be2 c6 6. 0-0 Bxf3 7. Bxf3 dxe5 8. dxe5 e6 9. a3 Nd7 10. Qe2 Qc7 11. Re1 Ne7 12. Bf4 Ng6 13. Bg3 Be7 14. Nd2 0-0 15. Qe4 Qd8 16. Nc4 Bh4 17. Bxh4 Qxh4 18. Qxh4 Nxh4 19. Be4 Nc5 20. g3 Nxe4 21. Rxe4 Nf5 22. Na5 c5 23. Rd1 b6 24. Nb7 Rfe8 25. Rd7 Re7 26. Rxe7 Nxe7 27. Re3 Nd5 28. Rd3 c4 29. Rd4 b5 30. Nd6 a6 31. f4 Kf8 32. Kf2 Ke7 33. Nf5+ Kf8 34. Ne3 Nb6 35. Rd6 Na4 36. Nd1 Ke7 37. Ke3 Rd8 38. Rxd8 Kxd8 39. Kd4 Kc7 40. b3 cxb3 41. cxb3 Nb6 42. Nc3 f5 43. exf6 gxf6 44. Ne4 Nd7 45. Nc5 Nxc5 46. Kxc5 h5 47. h3 Kd7 48. g4 h4 49. b4 Ke8 50. Kd6 Kf7 51. g5 fxg5 52. fxg5 Kg7 53. Kxe6 Kg6 54. Kd5 Kf5 55. g6 Kxg6 56. Ke4 1-0

[Event "ITA-chT 43rd"]
[Site "Spoleto"]
[Date "2011.04.28"]
[Round "2"]
[White "Ferro, Mario"]
[Black "Di Paolo, Raffaele"]
[Result "0-1"]
[WhiteElo "2242"]
[BlackElo "2312"]
[PlyCount "150"]
[EventDate "2011.04.28"]
[EventType "team"]
[EventRounds "7"]
[EventCountry "ITA"]
[SourceTitle "EXT 2012"]
[Source "ChessBase"]
[SourceDate "2011.11.24"]
[SourceVersion "1"]
[SourceVersionDate "2011.11.24"]
[SourceQuality "1"]
[WhiteTeam "La Zisa Palermo"]
[BlackTeam "Torveca"]
[WhiteTeamCountry "ITA"]
[BlackTeamCountry "ITA"]

1. d4 e6 2. e4 d5 3. Nc3 Bb4 4. e5 Ne7 5. a3 Bxc3+ 6. bxc3 c5 7. h4 Qa5 8. Bd2 Nbc6 9. h5 cxd4 10. cxd4 Qa4 11. c3 Qxd1+ 12. Rxd1 h6 13. Rh4 Bd7 14. Rg4 Kf8 15. c4 dxc4 16. Bxc4 Rc8 17. Rb1 b6 18. Ne2 Nd5 19. Ba6 Rd8 20. Nc3 Be8 21. Nb5 f6 22. Bb7 fxe5 23. Bxc6 Bxc6 24. Nxa7 Be8 25. dxe5 Bxh5 26. Rc4 Bg6 27. Rb3 Kf7 28. Be3 Rhf8 29. Bxb6 Rb8 30. Rf3+ Kg8 31. Rxf8+ Kxf8 32. Bc5+ Kg8 33. Bb4 Be8 34. g3 Bd7 35. Kd2 g5 36. Bd6 Rb2+ 37. Rc2 Rxc2+ 38. Kxc2 h5 39. Kd3 Kf7 40. Ke4 Kg6 41. Bb4 h4 42. gxh4 gxh4 43. Bd2 Kh5 44. Kf3 Nb6 45. Bf4 Nc4 46. a4 Bxa4 47. Nc8 Bc6+ 48. Ke2 Kg4 49. Bh2 Bb5 50. Ke1 Kh3 51. Bf4 Kg2 52. Nd6 Nb2 53. Kd2 Nd3 54. Bg3 hxg3 55. fxg3 Ba6 56. Ne4 Nxe5 57. Ke3 Ng6 58. g4 e5 59. Nc5 Bc8 60. g5 Bf5 61. Nb7 Kg3 62. Nd6 Be6 63. Ne4+ Kg4 64. Nd6 Bd5 65. Nb5 Kxg5 66. Nc3 Bc6 67. Ne2 Nh4 68. Nc1 Nf5+ 69. Kf2 e4 70. Nb3 Kf4 71. Nc5 e3+ 72. Ke1 Bb5 73. Ne6+ Ke5 74. Ng5 Nd4 75. Kd1 Kf5 0-1